العرب وتحديات ما بعد الأزمة المالية العالمية / (Record no. 14875)

MARC details
000 -LEADER
fixed length control field 01157nam a22001937a 4500
008 - FIXED-LENGTH DATA ELEMENTS--GENERAL INFORMATION
fixed length control field 101212t xxu||||| |||| 00| 0 eng d
020 ## - INTERNATIONAL STANDARD BOOK NUMBER
International Standard Book Number 9772814266
082 ## - DEWEY DECIMAL CLASSIFICATION NUMBER
Classification number 338.0956
Item number س ل ي
100 ## - MAIN ENTRY--PERSONAL NAME
9 (RLIN) 21478
Personal name سليمان، علي عبد العزيز
245 ## - TITLE STATEMENT
Title العرب وتحديات ما بعد الأزمة المالية العالمية /
Statement of responsibility, etc علي عبد العزيز سليمان
260 ## - PUBLICATION, DISTRIBUTION, ETC. (IMPRINT)
Place of publication, distribution, etc القاهرة :
Name of publisher, distributor, etc المكتبة الأكاديمية، 2010
Date of publication, distribution, etc 2010
300 ## - PHYSICAL DESCRIPTION
Extent 183 ص :
Other physical details ايض ؛
Dimensions 18 سم
504 ## - BIBLIOGRAPHY, ETC. NOTE
Bibliography, etc يشتمل على إرجاعات ببليوجرافية
541 ## - IMMEDIATE SOURCE OF ACQUISITION NOTE
Source of acquisition د. علي عبد العزيز سليمان ؛
651 ## - SUBJECT ADDED ENTRY--GEOGRAPHIC NAME
9 (RLIN) 15246
Geographic name العالم العربي
General subdivision الأحوال الاقتصادية
942 ## - ADDED ENTRY ELEMENTS (KOHA)
Source of classification or shelving scheme Dewey Decimal Classification
Item type Book - Borrowing
Holdings
Withdrawn status Item status Source of classification or shelving scheme Damaged status Not for loan Vendor Home library Current library Shelving location Date acquired Source of acquisition Total Checkouts Full call number Barcode Date last seen Koha item type Cost, normal purchase price Serial Enumeration / chronology Total Renewals Date last borrowed
    Dewey Decimal Classification       Central Library Central Library First floor 12/12/2010 Donation   338.0956 س ل ي 000022698 15/07/2025 Book - Borrowing        
    Dewey Decimal Classification     Academic Bookshop Central Library Central Library First floor 06/02/2012   1 338.0956 س ل ي 000026000 15/07/2025 Book - Borrowing 18.00 2000051 8 22/02/2012